000 00909nam a22002417a 4500
999 _c6953
_d6953
003 AR-CdUCM
008 190319b ||||| |||| 00| 0 spa d
040 _aMUNICIPALIDAD PROVINCIAL DEL CUSCO
_cBIBLIOTECA MUNICIPAL DEL CUSCO
041 _heng.
082 _a510.8 /
_bT27
110 _aNational Council of Teachers of Mathematics
_919605
245 _aRecopilación, organización e interpretación de datos /
260 _aMéxico :
_bTrillas,
_c1970.
300 _a58 paginas ;
_c23 cm.
440 _aColección Temas de Matemática
_919556
505 _aContenido :Breve mirada a la estadística --Recopilación de datos --Organización de los datos --Interpretación de datos /
650 _aInformación (Teoría matemática)
_919606
650 _aEstadística
_95668
650 _aProblemas
_99246
700 _aFederico Velasco Coba (traductor)
_919607
942 _2ddc
_cLIBROS
945 _arjall